| 000 | 00491nam a22001937a 4500 | ||
|---|---|---|---|
| 005 | 20241223121234.0 | ||
| 008 | 241223b2013 ||||| |||| 00| 0 eng d | ||
| 020 | _a9788131234686 | ||
| 040 |
_aDCL _cKWIU |
||
| 041 | _aeng | ||
| 080 |
_a61 _25th edition _bA-12 |
||
| 100 |
_91446 _aabdullah, ABM |
||
| 245 | _ashort cases in clinical medicine | ||
| 250 | _a5th edition | ||
| 260 |
_belsevier _c2013 |
||
| 300 | _a633 p. | ||
| 650 | 0 |
_988 _aClinical Medicine |
|
| 942 |
_2udc _cBK _e5th edition |
||
| 999 |
_c2273 _d2273 |
||